| 000 | 00398cam a2200145 4500 | ||
|---|---|---|---|
| 008 | 150605n 000 0 eng u | ||
| 020 | _a9780312985363 | ||
| 035 | _a(Sirsi) a190498 | ||
| 050 | _aPN 3377.5.L68 EVA 2007 | ||
| 100 | _aEvanovich, Janet | ||
| 245 |
_aPlum lovin' / _cJanet Evanovich |
||
| 260 |
_aNew York: _bSt. Martin's Paperbacks, _c2007. |
||
| 300 | _a275p. | ||
| 650 | _aFiction | ||
| 999 |
_c123193 _d123193 |
||